000 00524nam a2200217Ia 4500
008 150901s9999 xx 000 0 und d
020 _a9781439808740
041 _aEnglish
082 _a620.5
082 _bTIB/ME
100 _aTibbals Harry F
100 _eAuthor
245 _aMedical nanotechnology and nanomedicine
260 _aNew York
260 _bCRC press
260 _c2011
300 _a499 Pages
365 _aRs.3872.36/-
650 _aNanotechnology and nanomedicine
942 _cBK
999 _c242578
_d242578